000 00596nam a2200205Ia 4500
005 20250923145343.0
008 008 250917s9999 xx 000 0 eng d
037 _aTextual
040 _aDSWL
_beng
_cDSWL
041 _aeng
_2eng
084 _aS1:7, N74;1
_qDSWL
100 _aKuppuswamy, B.
_9834400
245 2 _aA textbook of child behavior and development
_c by B. Kuppuswamy
260 _aDelhi
_bVikas Pub. House P. Ltd.
_c1974
300 _avii,265p.
365 _aINR
_b10 . 80
925 _g10 . 80
942 _cTEXL
_hS1:7, N74;1
999 _c1450361
_d1450361